000 04639nas a2200301 i 4500
003 BR-BrBNA
005 20240405132855.0
008 240405b2013 bl.qr|pooa||| 00| 0 por |
040 _aBR-BrBNA
_bpor
072 _aF60
100 _aChaibub, B.A.
100 _aOliveira, T.B.
100 _aFiuza, T.S.
100 _aBara, M.T.F.
100 _aTresvenzol, L.M.F.
100 _aPaula, J.R.
245 _aComposição química do óleo essencial e avaliação da atividade antimicrobiana do óleo essencial, extrato etanólico bruto e frações das folhas de Spiranthera odoratissima A. St.-Hil.
500 _aPublicação on-line; 22 ref.; 2 tables; Summaries (En, Pt)
520 _a RESUMO: A Spiranthera odoratissima A. St.-Hil (manacá) é utilizada popularmente como depurativo do sangue, nas afecções renais e hepáticas (chá das folhas) para dores musculares, de estômago, de cabeça, e disfunções hepáticas (chá das raízes). O objetivo desse trabalho foi avaliar a composição química do óleo essencial e a atividade antimicrobiana do óleo essencial, do extrato etanólico bruto e frações obtidos das folhas de S. odoratissima contra bactérias Gram positivas e negativas, e Candida albicans. O extrato bruto das folhas foi obtido por maceração seguido de concentração em rotaevaporador e as frações por partição em coluna filtrante. O pó das folhas foi submetido à hidrodestilação em aparelho de Clevenger e o óleo essencial obtido foi analisado por CG/EM. A atividade antimicrobiana foi avaliada pelo método da diluição em ágar para determinar a concentração inibitória mínima (CIM). Os constituintes majoritários do óleo essencial foram β-cariofileno (20,64%), γ-muuroleno (17,70%), biciclogermacreno (14,73%), e δ-cadineno (13,40%). No estudo da atividade antimicrobiana de S. odoratissima, os principais resultados foram obtidos contra Staphylococus epidermidis (extrato etanólico bruto, CIM de 0,098 mg/mL), C. albicans (fração hexano, CIM de 0,049 mg/mL), Bacillus cereus (diclorometano, CIM de 0,098 mg/mL), Micrococcus roseus (fração acetato de etila, CIM 0,049 mg/mL), e M. roseus, Micrococus luteus, B. cereus e C. albicans (fração metanol, CIM de 0,391 mg/mL). Palavras-chave: plantas medicinais, manacá, Rutaceae, Cerrado, β-cariofileno.
520 _a ABSTRACT: Chemical composition of the essential oil and evaluation of the antimicrobial activity of essential oil, crude ethanol extract and fractions of Spiranthera odoratissima A. St.-Hil. leaves. Spiranthera odoratissima (“manacá”) has been popularly used as a blood cleanser, for liver and kidney diseases (tea from the leaves), as well as for muscle and stomach pains, headache and liver disorders (tea from the roots). The aim of this study was to evaluate the chemical composition of the essential oil and the antimicrobial activity of essential oil, crude ethanol extract and fractions of S. odoratissima leaves against Gram-positive and negative bacteria and Candida albicans. The crude extract of the leaves was obtained by maceration and was concentrated in a rotavapor, while the fractions were obtained by partition on column filter. The powdered leaves underwent hydrodistillation in a Clevenger apparatus and the obtained essential oil was analyzed by GC/MS. The antimicrobial activity was evaluated by using the agar dilution method for determining the minimum inhibitory concentration (MIC). The major constituents of the essential oil were β-caryophyllene (20.64%), γ-muurolene (17.70%), bicyclogermacrene (14.73%) and δ-cadinene (13.40%). The main results for S. odoratissima antimicrobial activity were found against Staphylococcus epidermidis (crude ethanol extract, MIC of 0.098 mg/mL), C. albicans (hexane fraction, MIC of 0.049 mg/mL), Bacillus cereus (dichloromethane fraction, MIC of 0.098 mg/mL), Micrococcus roseus (ethyl acetate fraction, MIC of 0.049 mg/mL) and M. roseus, Micrococcus luteus, B. cereus and C. albicans (methanol fraction, MIC of 0.391 mg/mL). Key words: medicinal plants, “manacá”, Rutaceae, Cerrado, β-caryophyllene
650 _aPLANTA MEDICINAL
650 _aRUTACEAE
650 _aCERRADO
773 0 _03543
_9314233
_dBotucatu-SP Instituto de Biociências - Departamento de Química e Bioquímica 1998
_o2024-0490
_tRevista Brasileira de Plantas Medicinais (Brazil)
_x1516-0572
_gv. 15(2) p. 225-229; (2013)
_wBR2024000444
856 _uhttps://www.scielo.br/j/rbpm/a/RLsXJbb9qFZ55HGrJ9tP4yG/?format=pdf&lang=pt
942 _cAnalítica
999 _c299081
_d299081